[Event "Porto San Giorgio op 23rd"]
[Site "Porto San Giorgio"]
[Date "2011.08.24"]
[Round "5"]
[White "Scipioni, Gaetano"]
[Black "Abbatantuono, Oscar"]
[Result "1/2-1/2"]
[WhiteElo "2063"]
[BlackElo "1827"]
[PlyCount "71"]
[EventDate "2011.08.21"]
[EventType "swiss"]
[EventRounds "9"]
[EventCountry "ITA"]
[SourceTitle "CBM 144 Extra"]
[Source "ChessBase"]
[SourceDate "2011.10.28"]
[SourceVersion "1"]
[SourceVersionDate "2011.10.28"]
[SourceQuality "1"]

1. d4 Nf6 2. Nf3 e6 3. Bf4 c5 4. e3 d5 5. c3 Nc6 6. Nbd2 Qb6 7. Rb1 Bd7 8. Bd3 Nh5 9. Bg5 h6 10. Bh4 g5 11. Ne5 Nxe5 12. dxe5 Ng7 13. Bg3 Nf5 14. Qf3 Nxg3 15. Qxg3 0-0-0 16. 0-0 Bg7 17. b4 c4 18. Bxc4 Qc7 19. Bd3 Bxe5 20. f4 Bd6 21. c4 gxf4 22. exf4 Rdg8 23. Qe3 dxc4 24. Nxc4 Bc6 25. Be4 Kb8 26. Nxd6 Qxd6 27. Rfd1 Qc7 28. Rbc1 Qe7 29. Bxc6 bxc6 30. Rxc6 Qxb4 31. Rcc1 Rd8 32. Qe5+ Ka8 33. Rd7 Qb6+ 34. Kh1 f5 35. h3 Rhg8 36. Rdc7 1/2-1/2

[Event "Sarzana op"]
[Site "Sarzana"]
[Date "2011.05.28"]
[Round "3"]
[White "Astengo, Marcello"]
[Black "Scipioni, Gaetano"]
[Result "0-1"]
[WhiteElo "2100"]
[BlackElo "2044"]
[PlyCount "44"]
[EventDate "2011.05.27"]
[EventType "swiss"]
[EventRounds "5"]
[EventCountry "ITA"]
[SourceTitle "EXT 2014"]
[Source "ChessBase"]
[SourceDate "2013.11.20"]
[SourceVersion "1"]
[SourceVersionDate "2013.11.20"]
[SourceQuality "1"]

1. d4 d5 2. c4 c6 3. Nc3 e6 4. e3 f5 5. Bd3 Nf6 6. Qc2 g6 7. Nf3 Bd6 8. 0-0 Nbd7 9. Bd2 Ne4 10. c5 Bc7 11. b4 g5 12. Ne1 g4 13. b5 Ndf6 14. bxc6 bxc6 15. Nxe4 Nxe4 16. Rb1 0-0 17. Rb2 Bxh2+ 18. Kxh2 Qh4+ 19. Kg1 Rf6 20. g3 Qh3 21. Ng2 Rh6 22. Nh4 Ng5 0-1

[Event "Senigallia op 5th"]
[Site "Senigallia"]
[Date "2010.08.05"]
[Round "4"]
[White "Polin, Giulia"]
[Black "Scipioni, Gaetano"]
[Result "1/2-1/2"]
[WhiteElo "1831"]
[BlackElo "2063"]
[PlyCount "44"]
[EventDate "2010.08.02"]
[EventType "swiss"]
[EventRounds "7"]
[EventCountry "ITA"]
[SourceTitle "CBM 137 Extra"]
[Source "ChessBase"]
[SourceDate "2010.09.01"]
[SourceVersion "1"]
[SourceVersionDate "2010.09.01"]
[SourceQuality "1"]

1. e4 d6 2. d4 Nf6 3. Nc3 c6 4. a4 Nbd7 5. Nf3 e5 6. Bc4 Be7 7. 0-0 0-0 8. Re1 h6 9. h3 Nh7 10. Ne2 Ng5 11. Nxg5 Bxg5 12. Bb3 Bxc1 13. Rxc1 Qg5 14. Ng3 Nf6 15. c3 h5 16. Qf3 Be6 17. Bc2 g6 18. Qe3 Qh4 19. Nf1 Nh7 20. Qg3 Qf6 21. dxe5 dxe5 22. h4 Rfd8 1/2-1/2

[Event "Bisaccia op 2nd"]
[Site "Bisaccia"]
[Date "2010.06.01"]
[Round "6"]
[White "Rossetti, Giovanni"]
[Black "Scipioni, Gaetano"]
[Result "0-1"]
[WhiteElo "1903"]
[BlackElo "2048"]
[PlyCount "102"]
[EventDate "2010.05.29"]
[EventType "swiss"]
[EventRounds "7"]
[EventCountry "ITA"]
[SourceTitle "EXT 2024"]
[Source "ChessBase"]
[SourceDate "2023.10.10"]
[SourceVersion "1"]
[SourceVersionDate "2023.10.10"]
[SourceQuality "1"]

1. e4 d5 2. exd5 Qxd5 3. Nc3 Qa5 4. d4 Nf6 5. Bc4 c6 6. Nge2 Bf5 7. 0-0 e6 8. Ng3 Bd6 9. Nce2 Bg6 10. c3 Qc7 11. h3 h5 12. Re1 h4 13. Nf1 Nbd7 14. Qb3 0-0-0 15. a4 Rh5 16. Be3 Nd5 17. Bxd5 exd5 18. a5 a6 19. c4 dxc4 20. Qxc4 Rxa5 21. Rxa5 Qxa5 22. Rc1 Nb6 23. Qb3 Nd5 24. Bd2 Qb6 25. Qxb6 Nxb6 26. Bg5 Re8 27. Nc3 Be7 28. Bxe7 Rxe7 29. d5 c5 30. Ne3 Kd8 31. Ncd1 Nd7 32. f3 b6 33. Kf2 Ne5 34. Ra1 a5 35. f4 Nd3+ 36. Kf3 Be4+ 37. Kg4 f5+ 38. Kg5 Kc7 39. Nc3 Nxb2 40. Nxf5 Bxf5 41. Kxf5 Kd6 42. Rb1 Nc4 43. Kg5 Re3 44. Nb5+ Kxd5 45. Kxh4 a4 46. Rc1 a3 47. g4 Rb3 48. Nc3+ Rxc3 49. Rxc3 b5 50. Kg5 b4 51. Rc1 b3 0-1

[Event "Alba Adriatica op 2nd"]
[Site "Alba Adriatica"]
[Date "2009.05.31"]
[Round "2"]
[White "Mrdja, Milan"]
[Black "Scipioni, Gaetano"]
[Result "1/2-1/2"]
[WhiteElo "2431"]
[BlackElo "2060"]
[PlyCount "36"]
[EventDate "2009.05.30"]
[EventType "swiss"]
[EventRounds "6"]
[EventCountry "ITA"]
[SourceTitle "EXT 2010"]
[Source "ChessBase"]
[SourceDate "2010.11.25"]
[SourceVersion "1"]
[SourceVersionDate "2010.11.25"]
[SourceQuality "1"]

1. e4 d5 2. exd5 Qxd5 3. Nf3 Nf6 4. Nc3 Qa5 5. Bc4 Bg4 6. 0-0 e6 7. h3 Bh5 8. d4 c6 9. Re1 Be7 10. Qd3 Bg6 11. Qe2 0-0 12. Bb3 Nbd7 13. Bd2 Qc7 14. Rad1 Rfe8 15. Bg5 Bb4 16. Bxf6 Nxf6 17. Ne5 Nd5 18. Nxd5 Bxe1 1/2-1/2

[Event "Isola d'Elba op 27th"]
[Site "Capoliveri"]
[Date "2009.05.??"]
[Round "4"]
[White "Schiappoli, Dario"]
[Black "Scipioni, Gaetano"]
[Result "1-0"]
[WhiteElo "1959"]
[BlackElo "2060"]
[PlyCount "65"]
[EventDate "2009.05.10"]
[EventType "swiss"]
[EventRounds "9"]
[EventCountry "ITA"]
[SourceTitle "EXT 2011"]
[Source "ChessBase"]
[SourceDate "2010.11.26"]
[SourceVersion "1"]
[SourceVersionDate "2010.11.26"]
[SourceQuality "1"]

1. e4 d6 2. d4 Nf6 3. Nc3 c6 4. Bg5 Nbd7 5. f4 Qa5 6. Qd2 e5 7. Nf3 Be7 8. Bd3 0-0 9. b4 Qc7 10. 0-0 Re8 11. Kh1 a6 12. Rae1 b5 13. a3 Bb7 14. fxe5 dxe5 15. dxe5 Nxe5 16. Nxe5 Qxe5 17. Rf5 Qe6 18. Ref1 c5 19. Bxf6 Bxf6 20. Nd5 Be5 21. Rxf7 Bc6 22. bxc5 Rad8 23. c4 Qg6 24. R7f5 Qg4 25. Qg5 Qxg5 26. Rxg5 h6 27. Rg6 Ba8 28. cxb5 Bxd5 29. exd5 axb5 30. Bxb5 Rf8 31. Rxf8+ Kxf8 32. d6 Kf7 33. Rg4 1-0

[Event "Bergamo op 7th"]
[Site "Bergamo"]
[Date "2008.09.14"]
[Round "5"]
[White "Scipioni, Gaetano"]
[Black "Ranfagni, Stefano"]
[Result "1/2-1/2"]
[WhiteElo "2077"]
[BlackElo "2049"]
[PlyCount "170"]
[EventDate "2008.09.12"]
[EventType "swiss"]
[EventRounds "6"]
[EventCountry "ITA"]
[SourceTitle "CBM 126 Extra"]
[Source "ChessBase"]
[SourceDate "2008.11.05"]
[SourceVersion "1"]
[SourceVersionDate "2008.11.05"]
[SourceQuality "1"]

1. d4 e6 2. Nf3 f5 3. Bf4 Nf6 4. e3 Be7 5. Bd3 0-0 6. 0-0 d6 7. Nbd2 Qe8 8. h3 Nbd7 9. Bh2 Bd8 10. e4 fxe4 11. Nxe4 e5 12. Re1 Nxe4 13. Bxe4 Bf6 14. dxe5 Nxe5 15. Nxe5 dxe5 16. Qd5+ Kh8 17. Bf3 c6 18. Qe4 g6 19. Bxe5 Qxe5 20. Qxe5 Bxe5 21. Rxe5 Bxh3 22. Bxc6 bxc6 23. gxh3 Rf3 24. Kg2 Raf8 25. Rf1 R3f6 26. Re2 Rb8 27. c3 a5 28. Rd1 Rb5 29. Rd7 Rg5+ 30. Kf1 Rf8 31. Rc7 Rh5 32. Rxc6 Rxh3 33. Rce6 Rhf3 34. R6e5 a4 35. c4 h5 36. R5e3 R3f4 37. b3 Kg7 38. Re4 Rf3 39. b4 g5 40. c5 h4 41. Kg2 h3+ 42. Kh2 Kh6 43. R4e3 Rxe3 44. Rxe3 Rxf2+ 45. Kxh3 Rxa2 46. c6 Rc2 47. b5 Rc5 48. Re6+ Kg7 49. b6 Kf7 50. Rd6 Ke7 51. b7 Kxd6 52. b8Q+ Kxc6 53. Qe8+ Kd5 54. Qxa4 Rc3+ 55. Kg2 Rc5 56. Qe8 Kd4 57. Kf3 Re5 58. Qd7+ Rd5 59. Qe6 Re5 60. Qd6+ Rd5 61. Qb4+ Ke5 62. Qe4+ Kd6 63. Qg6+ Kc5 64. Ke4 g4 65. Qe6 Rd4+ 66. Ke3 Ra4 67. Qe5+ Kb4 68. Kd4 Kb3+ 69. Kd3 Kb4 70. Qc3+ Kb5 71. Qb3+ Rb4 72. Qd5+ Ka6 73. Kc3 Rb5 74. Qe6+ Rb6 75. Qxg4 Rc6+ 76. Kb4 Kb6 77. Qd7 Rc7 78. Qd6+ Kb7 79. Kb5 Kc8 80. Kb6 Rb7+ 81. Ka6 Ra7+ 82. Kb5 Rb7+ 83. Kc5 Rc7+ 84. Kb5 Rb7+ 85. Kc6 Rb6+ 1/2-1/2

[Event "Bergamo op 7th"]
[Site "Bergamo"]
[Date "2008.09.13"]
[Round "3"]
[White "Scipioni, Gaetano"]
[Black "Panjkovic, Aleksandar"]
[Result "1-0"]
[WhiteElo "2077"]
[BlackElo "2148"]
[PlyCount "77"]
[EventDate "2008.09.12"]
[EventType "swiss"]
[EventRounds "6"]
[EventCountry "ITA"]
[SourceTitle "CBM 126 Extra"]
[Source "ChessBase"]
[SourceDate "2008.11.05"]
[SourceVersion "1"]
[SourceVersionDate "2008.11.05"]
[SourceQuality "1"]

1. d4 f5 2. Nf3 Nf6 3. Bf4 e6 4. e3 d5 5. c4 c6 6. Nc3 Bb4 7. Bd3 Qa5 8. Qb3 Nbd7 9. 0-0 Ne4 10. Bxe4 fxe4 11. Nd2 Nf6 12. a3 Be7 13. f3 exf3 14. Nxf3 Qb6 15. Qc2 dxc4 16. Ne5 Qb3 17. Qe2 0-0 18. Nxc4 Nd5 19. Bd6 Bxd6 20. Nxd6 Bd7 21. Nde4 Rf5 22. Nc5 Nxc3 23. bxc3 Qd5 24. e4 Rxf1+ 25. Rxf1 Qd6 26. Nxb7 Qxa3 27. Nc5 Be8 28. Qc4 Bg6 29. Qxe6+ Kh8 30. Qxc6 Rg8 31. Nd3 Be8 32. Qc5 Qb3 33. Ne5 Qa2 34. h3 a5 35. Rf8 Qb1+ 36. Kh2 Qxe4 37. Qe7 a4 38. Nf7+ Bxf7 39. Rxg8+ 1-0

[Event "Rome Accademia op 04"]
[Site "Rome"]
[Date "2008.04.18"]
[Round "1"]
[White "Scipioni, Gaetano"]
[Black "Tosi, Francesco"]
[Result "1-0"]
[WhiteElo "2124"]
[BlackElo "1826"]
[PlyCount "49"]
[EventDate "2008.04.18"]
[EventType "swiss"]
[EventRounds "5"]
[EventCountry "ITA"]
[SourceTitle "EXT 2011"]
[Source "ChessBase"]
[SourceDate "2010.11.26"]
[SourceVersion "1"]
[SourceVersionDate "2010.11.26"]
[SourceQuality "1"]

1. d4 d5 2. Nf3 Nf6 3. Bf4 c6 4. e3 g6 5. c4 Bg7 6. Nc3 0-0 7. Be2 dxc4 8. Bxc4 Nbd7 9. 0-0 Nb6 10. Be2 Bf5 11. h3 Ne4 12. Nxe4 Bxe4 13. Rc1 Rc8 14. Qb3 Re8 15. Rfd1 Qd5 16. Qa3 a6 17. Ng5 f5 18. Qb4 Qd8 19. Ne6 Nd5 20. Qxb7 Qa5 21. Qxa6 Qxa6 22. Bxa6 Ra8 23. Bc4 Reb8 24. Bxd5 Bxd5 25. Nc7 1-0

[Event "Cesenatico op"]
[Site "Cesenatico"]
[Date "2007.09.04"]
[Round "4"]
[White "Scipioni, Gaetano"]
[Black "Brancaleoni, Maurizio"]
[Result "1-0"]
[WhiteElo "2121"]
[BlackElo "2256"]
[PlyCount "101"]
[EventDate "2007.09.01"]
[EventType "swiss"]
[EventRounds "7"]
[EventCountry "ITA"]
[SourceTitle "CBM 120 Extra"]
[Source "ChessBase"]
[SourceDate "2007.11.01"]
[SourceVersion "1"]
[SourceVersionDate "2007.11.01"]
[SourceQuality "1"]

1. d4 Nf6 2. Nf3 d5 3. Bf4 c5 4. e3 Nc6 5. c3 Qb6 6. Qb3 c4 7. Qc2 Bf5 8. Qc1 Nh5 9. Bg3 f6 10. Nbd2 e5 11. dxe5 Nxg3 12. hxg3 Nxe5 13. Nxe5 fxe5 14. Be2 0-0-0 15. 0-0 h5 16. b3 cxb3 17. axb3 Kb8 18. b4 Rc8 19. Qa3 Bg4 20. Nf3 Bxf3 21. Bxf3 d4 22. cxd4 exd4 23. exd4 Bxb4 24. Qa4 h4 25. Rfb1 a5 26. g4 h3 27. g3 Rc3 28. Bd5 Rd8 29. Qa2 Qxd4 30. Rxb4 Qxd5 31. Qxd5 Rxd5 32. Rf4 Rdc5 33. Rf8+ Ka7 34. Kh2 Rc1 35. Ra3 R1c3 36. Ra1 Rc1 37. Ra3 Kb6 38. Rf7 R5c3 39. Rxc3 Rxc3 40. Rxg7 a4 41. Re7 a3 42. g5 Rc1 43. Re2 Ka5 44. f4 b5 45. g6 b4 46. f5 b3 47. g7 Rc8 48. f6 b2 49. f7 b1Q 50. f8Q Qc1 51. g8Q 1-0

[Event "Cesenatico op"]
[Site "Cesenatico"]
[Date "2007.09.02"]
[Round "2"]
[White "Calzetta Ruiz, Monica"]
[Black "Scipioni, Gaetano"]
[Result "1-0"]
[WhiteElo "2278"]
[BlackElo "2121"]
[PlyCount "57"]
[EventDate "2007.09.01"]
[EventType "swiss"]
[EventRounds "7"]
[EventCountry "ITA"]
[SourceTitle "CBM 120 Extra"]
[Source "ChessBase"]
[SourceDate "2007.11.01"]
[SourceVersion "1"]
[SourceVersionDate "2007.11.01"]
[SourceQuality "1"]

1. e4 d6 2. d4 Nf6 3. Nc3 c6 4. f4 Qa5 5. Bd3 d5 6. e5 Ne4 7. Nge2 Nxc3 8. Nxc3 Na6 9. 0-0 Nb4 10. f5 Nxd3 11. Qxd3 e6 12. fxe6 Bxe6 13. Ne2 g6 14. Bg5 Bg7 15. b4 Qc7 16. Nf4 Bf5 17. Qc3 0-0 18. Nxd5 Qd7 19. Nf6+ Bxf6 20. Bxf6 h5 21. Rf4 Kh7 22. Raf1 Rg8 23. h3 Qd5 24. Rh4 Be4 25. Qd2 a5 26. c4 Qxc4 27. Rxe4 axb4 28. e6 fxe6 29. Be5 1-0

[Event "Arvier op 1st"]
[Site "Arvier"]
[Date "2004.01.06"]
[Round "7"]
[White "Trotto, Pierangelo"]
[Black "Scipioni, Gaetano"]
[Result "0-1"]
[WhiteElo "1824"]
[BlackElo "2057"]
[PlyCount "180"]
[EventDate "2004.01.02"]
[EventType "swiss"]
[EventRounds "7"]
[EventCountry "ITA"]
[SourceTitle "CBM 098 Extra"]
[Source "ChessBase"]
[SourceDate "2004.03.10"]
[SourceVersion "2"]
[SourceVersionDate "2004.03.10"]
[SourceQuality "1"]

1. e4 d6 2. d4 Nf6 3. Nc3 c6 4. a4 Nbd7 5. Bc4 e5 6. dxe5 dxe5 7. Be3 Bb4 8. f3 0-0 9. Nge2 Qc7 10. 0-0 Rd8 11. Qc1 Nf8 12. g4 Be6 13. Bxe6 Nxe6 14. Ng3 Nd7 15. Kg2 Ndf8 16. Nce2 Ng6 17. Nh5 Rd7 18. c3 Be7 19. Qc2 Rad8 20. Rad1 a5 21. Rxd7 Qxd7 22. Nc1 Nc5 23. Rf2 Nd3 24. Nxd3 Qxd3 25. Bb6 Qxc2 26. Rxc2 Rd3 27. Bf2 Nh4+ 28. Bxh4 Bxh4 29. Ng3 g6 30. Ne2 Bg5 31. Kg3 Kf8 32. h4 Be3 33. g5 Ke7 34. Kg4 Rd1 35. f4 Bxf4 36. Nxf4 exf4 37. Kxf4 Ra1 38. h5 Rxa4 39. hxg6 hxg6 40. c4 Ra2 41. Ke5 a4 42. c5 a3 43. Rc3 Rxb2 44. Rxa3 Rb5 45. Kd4 f6 46. gxf6+ Kxf6 47. Rf3+ Ke6 48. Kc4 Ke5 49. Rg3 Rb1 50. Rxg6 Rc1+ 51. Kb4 Kxe4 52. Rd6 Rf1 53. Kc3 Rf5 54. Kb4 Rd5 55. Rh6 Rd1 56. Rh4+ Kd5 57. Rh5+ Ke6 58. Rh6+ Kd7 59. Rh7+ Kc8 60. Rg7 Kb8 61. Rg3 Ra1 62. Rh3 Ka7 63. Rh8 Rb1+ 64. Kc4 Rf1 65. Rh4 Ka6 66. Rg4 Ka5 67. Rg7 Rf4+ 68. Kc3 Kb5 69. Rxb7+ Kxc5 70. Rh7 Rf3+ 71. Kc2 Kb5 72. Rb7+ Kc4 73. Rh7 Rf2+ 74. Kc1 c5 75. Rh4+ Kb3 76. Rh3+ Kb4 77. Rh8 c4 78. Kd1 Kc3 79. Rb8 Rf1+ 80. Ke2 Rh1 81. Rb7 Kc2 82. Rb8 c3 83. Rc8 Rb1 84. Rc7 Rb5 85. Rd7 Re5+ 86. Kf3 Kc1 87. Rc7 c2 88. Rc6 Rd5 89. Rh6 Kd2 90. Rh2+ Kc3 0-1

[Event "Arvier op 1st"]
[Site "Arvier"]
[Date "2004.01.05"]
[Round "5"]
[White "Pegoraro, Nicola"]
[Black "Scipioni, Gaetano"]
[Result "1/2-1/2"]
[WhiteElo "2068"]
[BlackElo "2057"]
[PlyCount "58"]
[EventDate "2004.01.02"]
[EventType "swiss"]
[EventRounds "7"]
[EventCountry "ITA"]
[SourceTitle "CBM 098 Extra"]
[Source "ChessBase"]
[SourceDate "2004.03.10"]
[SourceVersion "2"]
[SourceVersionDate "2004.03.10"]
[SourceQuality "1"]

1. e4 d6 2. d4 Nf6 3. Nc3 c6 4. f3 Nbd7 5. Be3 e5 6. Nh3 Be7 7. Qd2 0-0 8. Nf2 b5 9. Be2 Nb6 10. 0-0 b4 11. Ncd1 Be6 12. Qxb4 d5 13. Qd2 exd4 14. Bxd4 c5 15. Be5 d4 16. b3 Nfd7 17. Bg3 Bf6 18. Nb2 c4 19. bxc4 Rc8 20. Bd3 Ne5 21. Bxe5 Bxe5 22. f4 Bb8 23. g3 Nxc4 24. Nxc4 Bxc4 25. Qe2 Be6 26. f5 Bd7 27. Qh5 f6 28. Nh3 Ba4 29. Qe2 Qe7 1/2-1/2

[Event "Fiuggi op"]
[Site "Fiuggi"]
[Date "2000.10.21"]
[Round "4"]
[White "Scipioni, Gaetano"]
[Black "Papetti, Francesco"]
[Result "1-0"]
[WhiteElo "1881"]
[BlackElo "1822"]
[PlyCount "59"]
[EventDate "2000.10.20"]
[EventType "swiss"]
[EventRounds "6"]
[EventCountry "ITA"]
[SourceTitle "EXT 2024"]
[Source "ChessBase"]
[SourceDate "2023.10.10"]
[SourceVersion "1"]
[SourceVersionDate "2023.10.10"]
[SourceQuality "1"]

1. d4 d5 2. Nf3 Nf6 3. Bg5 e6 4. e3 Nbd7 5. Bd3 Be7 6. Nbd2 0-0 7. c3 c5 8. Ne5 c4 9. Bc2 Nxe5 10. dxe5 Nd7 11. Bf4 f5 12. h4 Nc5 13. Nf3 Bd7 14. Nd4 b5 15. g4 a5 16. gxf5 exf5 17. Qh5 Qe8 18. Qxe8 Raxe8 19. Rg1 Bxh4 20. Rg2 g6 21. Ke2 Kf7 22. Rh1 Bxf2 23. Rxh7+ Kg8 24. Rgh2 g5 25. Bxg5 Bg3 26. Rh8+ Kg7 27. R2h7+ Kg6 28. Rh6+ Kxg5 29. Nf3+ Kg4 30. Rg6# 1-0